000
00343nam a2200133Ia 4500
008
231017s9999 xx 000 0 und d
082
_a
388.32421
082
_b
CAL
245
0
_a
Legal Truck Size and Weight
245
0
_c
California Dept. of Transportation
260
_b
California Dept. of Transportation
300
_c
30cm
942
_c
REP
999
_c
604458
_d
604458